000 00255nam a2200109Ia 4500
008 200302s9999 xx 000 0 und d
100 _aPavlos Lefs
245 _aDwelling and Architecture
260 _bJovis verlag Gmbh
260 _c2009
300 _a171 P.,
999 _c2773
_d2773